| 000 | 00346nab a22001097u 4500 | ||
|---|---|---|---|
| 008 | 130520b1985 xxu||||| |||| 00| 0 spa d | ||
| 041 | _aspa | ||
| 100 | 1 |
_aBent, A. J. Van Der _967358 |
|
| 245 | 0 | 0 |
_aLa juventud y el Consejo Mundial de las Iglesias _cA. J. van der Bent |
| 773 | 0 |
_tConcilium _gV.2,1985,págs.251-265 _x0210-1041 _wRev134 |
|
| 942 | _cAR | ||
| 999 |
_c355176 _d355176 |
||